000
00203 a2200097 4500
001
47582
100
_a
Patton G
245
_a
War as I knew it
260
_a
London
_b
W H Allen
_c
090
_c
30595
_d
30595
942
_a
NUST-CAE
_c
M
_c
22886
999
_c
282655
_d
282655